Béla Tettamanti und Makó (1909-1927). "Die Liebe ist das Leben..."
Elmentve itt :
| Szerző: | |
|---|---|
| További közreműködők: | |
| Dokumentumtípus: | Szakdolgozat |
| Megjelent: |
1995
|
| Tárgyszavak: | |
| Online Access: | http://diploma.bibl.u-szeged.hu/78003 |
| LEADER | 00582nta a2200157 i 4500 | ||
|---|---|---|---|
| 001 | dipl78003 | ||
| 005 | 20200623124218.0 | ||
| 008 | 190627s1995 hu om 0|| ger d | ||
| 040 | |a SZTE Diploma Repozitórium |b hun | ||
| 041 | |a ger | ||
| 100 | 1 | |a Pálhidai Lászlóné | |
| 245 | 1 | 0 | |a Béla Tettamanti und Makó (1909-1927). "Die Liebe ist das Leben..." |h [elektronikus dokumentum] / |c Lászlóné Pálhidai |
| 260 | |c 1995 | ||
| 650 | 4 | |a Pedagógusképzés | |
| 700 | 1 | |a Kopasz Filoméla |e ths | |
| 856 | 4 | 0 | |u http://diploma.bibl.u-szeged.hu/id/eprint/78003/1/1995_palhidai_laszlone.pdf |z Dokumentum-elérés |